banner-ar

WIN 32 NETWORK PROGRAMMING. / (Record no. 13042)

MARC details
000 -الفاتح
حقل البيانات ثابتة الطول 00520nam a2200193Ia 4500
008 - عناصر البيانات ثابتة الطول - معلومات عامة
حقل البيانات ثابتة الطول 140319s9999 xx 000 0 eng d
040 ## - مصدر الفهرسة
وكالة الفهرسة الأصلية GCL /
وكالة النسخ GCL
082 04 - رقم تصنيف ديوى العشرى
رقم التصنيف 005.2
رقم المادة D W
100 1# - المدخل الرئيسى - إسم شخصى
الإسم الشخصى DAVIS, RALPH.
245 10 - بيان العنوان
العنوان WIN 32 NETWORK PROGRAMMING. /
بيان المسئوليه,etc DAVIS, RALPH.
260 ## - PUBLICATION, DISTRIBUTION, ETC. (IMPRINT)
تاريخ النشر أو التوزيع 1996
300 ## - الوصف المادى
التعداد 820 P
650 04 - المدخل الاضافى بالموضوع-مصطلح موضوعى
مصطلح موضوعي MICROSOFT WIN 92
650 04 - المدخل الاضافى بالموضوع-مصطلح موضوعى
مصطلح موضوعي APPLICATION SOFTWARE, DEVELOPT
650 04 - المدخل الاضافى بالموضوع-مصطلح موضوعى
مصطلح موضوعي MICROSOFT
650 04 - المدخل الاضافى بالموضوع-مصطلح موضوعى
مصطلح موضوعي OPERATING SYSTEMS
942 ## - عناصر المدخل الإضافي( كوها)
مصدر التصنيف او مخطط الترفيف Dewey Decimal Classification
Koha [default] item type كتاب
260 ## - PUBLICATION, DISTRIBUTION, ETC. (IMPRINT)
-- [S.N] :
-- ADDISON WESLEY DEVELOPERS. ،
Holdings
حالة التراجع حالة الفقد حالة تلف ليس للاعارة المكان المؤقت الموقع الحالى تاريخ الاكتساب اجمالي اﻻعارات رقم الطلب الباركود تاريخ اخر مشاهدة تاريخ تفعيل السعر نوع وعاء كوها
        مكتبة القاهرة الكبرى مكتبة القاهرة الكبرى 03/26/2014   005.2\D W 25200 03/26/2014 03/26/2014 كتاب

Powered By

EGPV